[Event "Seefeld op 12th"]
[Site "Seefeld"]
[Date "2001.09.20"]
[Round "6"]
[White "Mueller, Georg"]
[Black "Buchholz, Karl"]
[Result "1/2-1/2"]
[WhiteElo "2035"]
[BlackElo "1752"]
[PlyCount "64"]
[EventDate "2001.09.15"]
[EventType "swiss"]
[EventRounds "9"]
[EventCountry "AUT"]
[SourceTitle "EXT 2002"]
[Source "ChessBase"]
[SourceDate "2001.11.25"]
[SourceVersion "1"]
[SourceVersionDate "2001.11.25"]
[SourceQuality "1"]

1. e4 c5 2. Nc3 e6 3. Nge2 Nc6 4. g3 a6 5. Bg2 b5 6. d4 Bb7 7. Be3 cxd4 8. Nxd4 Rc8 9. 0-0 Nf6 10. e5 Ng8 11. f4 Qc7 12. Nb3 Nb4 13. Bxb7 Qxb7 14. a3 Nd5 15. Nxd5 exd5 16. c3 Ne7 17. f5 g6 18. Nd4 Nc6 19. fxg6 hxg6 20. Qf3 Nd8 21. Bg5 Rh7 22. Bxd8 Kxd8 23. e6 f5 24. Rae1 Bc5 25. Qf4 Qa7 26. Kg2 Bxd4 27. cxd4 Rc2+ 28. Rf2 Rxf2+ 29. Qxf2 Re7 30. exd7 Qxd7 31. Qd2 Rxe1 32. Qxe1 Qd6 1/2-1/2

[Event "Seefeld op 12th"]
[Site "Seefeld"]
[Date "2001.09.19"]
[Round "5"]
[White "Buchholz, Karl"]
[Black "Mangold, Stefan"]
[Result "1-0"]
[WhiteElo "1752"]
[BlackElo "1530"]
[PlyCount "97"]
[EventDate "2001.09.15"]
[EventType "swiss"]
[EventRounds "9"]
[EventCountry "AUT"]
[SourceTitle "EXT 2002"]
[Source "ChessBase"]
[SourceDate "2001.11.25"]
[SourceVersion "1"]
[SourceVersionDate "2001.11.25"]
[SourceQuality "1"]

1. e4 c5 2. Nf3 e6 3. d4 Nf6 4. Nc3 cxd4 5. Nxd4 Bb4 6. a3 Bxc3+ 7. bxc3 Nxe4 8. Qg4 d5 9. Qxg7 Qf6 10. Qxf6 Nxf6 11. Nb5 Kd7 12. Bf4 Na6 13. Be5 Ke7 14. 0-0-0 Rg8 15. h3 Bd7 16. f3 Bxb5 17. Bxb5 Rxg2 18. c4 Rc8 19. Rd3 dxc4 20. Bd6+ Kd8 21. Rd4 Nd5 22. Bxc4 Kd7 23. Be5 Rc5 24. Bb3 b5 25. Rhd1 Kc6 26. R1d3 f6 27. Bf4 Nxf4 28. Rxf4 f5 29. Rfd4 Re2 30. Rh4 Nc7 31. Rxh7 Nd5 32. Rxa7 Kb6 33. Rh7 Ne3 34. Rd6+ Rc6 35. Rxc6+ Kxc6 36. Rh6 Nc4 37. a4 Kd6 38. axb5 Nb6 39. h4 Re3 40. h5 Nc8 41. Rg6 Ne7 42. Rg3 Re1+ 43. Kd2 Rh1 44. Rg5 Ke5 45. b6 Kf6 46. b7 Kxg5 47. b8Q Rxh5 48. Bxe6 Kf6 49. Qd6 1-0

[Event "Schwarzach op-B"]
[Site "Schwarzach"]
[Date "1998.08.29"]
[Round "8"]
[White "Buchholz, Karl"]
[Black "Mooslechner, Peter"]
[Result "0-1"]
[WhiteElo "1798"]
[BlackElo "1866"]
[PlyCount "64"]
[EventDate "1998.08.30"]
[EventType "swiss"]
[EventRounds "9"]
[EventCountry "AUT"]
[SourceTitle "EXT 2000"]
[Source "ChessBase"]
[SourceDate "1999.11.16"]
[SourceVersion "1"]
[SourceVersionDate "1999.11.16"]
[SourceQuality "1"]

1. e4 c5 2. Nf3 Nc6 3. d4 cxd4 4. Nxd4 Nf6 5. Nc3 e6 6. Ndb5 Bb4 7. Nd6+ Ke7 8. Bf4 e5 9. Nxc8+ Rxc8 10. Bg5 Nd4 11. Qd2 Qa5 12. Nd5+ Qxd5 13. Qxb4+ Qc5 14. Qxc5+ Rxc5 15. Bd3 Nxc2+ 16. Bxc2 Rxc2 17. Rb1 Ke6 18. Bxf6 gxf6 19. 0-0 f5 20. exf5+ Kxf5 21. Rfd1 Ke6 22. a4 Rhc8 23. b4 d5 24. a5 f5 25. b5 Ra2 26. a6 b6 27. g3 Rcc2 28. Rdc1 d4 29. Rxc2 Rxc2 30. Kf1 Kd5 31. h4 d3 32. Ra1 Rb2 0-1

[Event "Schwarzach op-B"]
[Site "Schwarzach"]
[Date "1998.08.26"]
[Round "5"]
[White "Loeb, Walter"]
[Black "Buchholz, Karl"]
[Result "1/2-1/2"]
[WhiteElo "1693"]
[BlackElo "1798"]
[PlyCount "64"]
[EventDate "1998.08.30"]
[EventType "swiss"]
[EventRounds "9"]
[EventCountry "AUT"]
[SourceTitle "EXT 2000"]
[Source "ChessBase"]
[SourceDate "1999.11.16"]
[SourceVersion "1"]
[SourceVersionDate "1999.11.16"]
[SourceQuality "1"]

1. e4 c5 2. b4 e6 3. bxc5 Bxc5 4. d4 Bb6 5. Nf3 d6 6. Bd3 Ne7 7. 0-0 Nbc6 8. Bb2 0-0 9. Re1 Ng6 10. Nbd2 Nf4 11. Nf1 Bd7 12. Ng3 Rc8 13. Bf1 Na5 14. Bc1 Ng6 15. Rb1 Ba4 16. Bd3 Nc6 17. Bd2 Nxd4 18. Nxd4 Bxd4 19. Rb4 Qf6 20. Kh1 Bc6 21. f4 Bc5 22. e5 dxe5 23. fxe5 Qf2 24. Ne4 Bxe4 25. Rbxe4 Be7 26. Rf1 Qb6 27. Qh5 f5 28. exf6 Rxf6 29. Rxf6 Bxf6 30. Re1 Qf2 31. Qg4 Nf8 32. Bb4 Qh4 1/2-1/2

[Event "Schwarzach op-B"]
[Site "Schwarzach"]
[Date "1997.08.31"]
[Round "9.5"]
[White "Buchholz, Karl"]
[Black "Loeb, Walter"]
[Result "0-1"]
[WhiteElo "1800"]
[BlackElo "1844"]
[PlyCount "26"]
[EventDate "1997.08.23"]
[EventType "swiss"]
[EventRounds "9"]
[EventCountry "AUT"]
[SourceTitle "EXT 1999"]
[Source "ChessBase"]
[SourceDate "1998.11.16"]
[SourceVersion "1"]
[SourceVersionDate "1998.11.16"]
[SourceQuality "1"]

1. e4 c6 2. d4 d5 3. Nc3 g6 4. Nf3 Bg7 5. exd5 cxd5 6. Bf4 Nf6 7. Bb5+ Nbd7 8. 0-0 0-0 9. Qe2 e6 10. Rfe1 Re8 11. Ba4 a6 12. Bb3 b5 13. Nxd5 exd5 0-1

[Event "Schwarzach op-B"]
[Site "Schwarzach"]
[Date "1997.08.27"]
[Round "5.9"]
[White "Buchholz, Karl"]
[Black "Saugspier, Mario"]
[Result "1/2-1/2"]
[WhiteElo "1800"]
[BlackElo "1713"]
[PlyCount "46"]
[EventDate "1997.08.23"]
[EventType "swiss"]
[EventRounds "9"]
[EventCountry "AUT"]
[SourceTitle "EXT 1999"]
[Source "ChessBase"]
[SourceDate "1998.11.16"]
[SourceVersion "1"]
[SourceVersionDate "1998.11.16"]
[SourceQuality "1"]

1. e4 c6 2. d4 d5 3. Nc3 dxe4 4. Nxe4 Nd7 5. Nf3 Ngf6 6. Ng3 e6 7. Bd3 Qc7 8. Qe2 Be7 9. 0-0 b6 10. Re1 0-0 11. Bg5 h6 12. Bxf6 Nxf6 13. Rad1 Bb7 14. Ne5 Bd6 15. Nh5 Bxe5 16. dxe5 Nxh5 17. Qxh5 c5 18. Qg4 Rad8 19. c3 Kh8 20. h4 Rd7 21. f4 c4 22. Bc2 Rxd1 23. Rxd1 Rd8 1/2-1/2

[Event "Wattens op 12th"]
[Site "Wattens"]
[Date "1997.??.??"]
[Round "?"]
[White "Buchholz, Karl"]
[Black "Vasic, Dragan"]
[Result "1-0"]
[WhiteElo "1875"]
[BlackElo "1630"]
[PlyCount "51"]
[EventDate "1997.??.??"]
[EventType "swiss"]
[EventRounds "9"]
[EventCountry "AUT"]
[SourceTitle "EXT 2000"]
[Source "ChessBase"]
[SourceDate "1999.11.16"]
[SourceVersion "1"]
[SourceVersionDate "1999.11.16"]
[SourceQuality "1"]

1. e4 e5 2. f4 exf4 3. Nf3 Nc6 4. d4 d5 5. e5 Bg4 6. Bb5 Bxf3 7. Qxf3 Qh4+ 8. Ke2 Nge7 9. Bxf4 g5 10. g3 Qh6 11. Be3 Qg6 12. Bd3 g4 13. Qf2 Qe6 14. c3 0-0-0 15. Rf1 h5 16. Qxf7 Qxf7 17. Rxf7 Bh6 18. Bxh6 Rxh6 19. Nd2 h4 20. Raf1 hxg3 21. hxg3 Rg8 22. Rf8+ Rxf8 23. Rxf8+ Kd7 24. Nf1 Ke6 25. Rf4 Ng6 26. Rf6+ 1-0

[Event "Wattens op 12th"]
[Site "Wattens"]
[Date "1997.??.??"]
[Round "?"]
[White "Sprenger, Wendelin"]
[Black "Buchholz, Karl"]
[Result "1-0"]
[WhiteElo "1780"]
[BlackElo "1875"]
[PlyCount "65"]
[EventDate "1997.??.??"]
[EventType "swiss"]
[EventRounds "9"]
[EventCountry "AUT"]
[SourceTitle "EXT 2000"]
[Source "ChessBase"]
[SourceDate "1999.11.16"]
[SourceVersion "1"]
[SourceVersionDate "1999.11.16"]
[SourceQuality "1"]

1. c4 Nf6 2. g3 g6 3. Bg2 Bg7 4. Nc3 0-0 5. e3 c6 6. d4 d5 7. b3 Bf5 8. Bb2 Na6 9. a3 Nc7 10. Nge2 Re8 11. 0-0 Qd7 12. Na4 Rad8 13. Nf4 b6 14. Rc1 Ne4 15. f3 Ng5 16. g4 e5 17. dxe5 Bxe5 18. gxf5 Bxb2 19. Nxb2 Qxf5 20. Qd3 Qe5 21. Qd4 Qf5 22. cxd5 Nxd5 23. Nxd5 Rxd5 24. Qc3 Rd6 25. e4 Qf4 26. Nc4 Rde6 27. Qe3 Qh4 28. Qf2 Nh3+ 29. Bxh3 Qxh3 30. Qg3 Qh6 31. Rc3 Rd8 32. e5 Rd2 33. Nxd2 1-0

[Event "Wattens op 09th"]
[Site "Wattens"]
[Date "1994.??.??"]
[Round "5"]
[White "Goeslbauer, Harald"]
[Black "Buchholz, Karl"]
[Result "1/2-1/2"]
[WhiteElo "1760"]
[BlackElo "1875"]
[PlyCount "93"]
[EventDate "1994.??.??"]
[EventType "swiss"]
[EventRounds "9"]
[EventCountry "AUT"]
[SourceTitle "EXT 2000"]
[Source "ChessBase"]
[SourceDate "1999.11.16"]
[SourceVersion "1"]
[SourceVersionDate "1999.11.16"]
[SourceQuality "1"]

1. c4 Nf6 2. Nc3 g6 3. g3 Bg7 4. Bg2 0-0 5. e4 d6 6. Nge2 Bd7 7. d3 c6 8. 0-0 Na6 9. Rb1 Nc7 10. a4 Rb8 11. Be3 b6 12. h3 e5 13. Qd2 Nfe8 14. Bh6 f5 15. Bxg7 Kxg7 16. f4 Ne6 17. Rf2 N8c7 18. Rbf1 Nd4 19. Nxd4 exd4 20. Ne2 c5 21. exf5 gxf5 22. b3 Re8 23. Kh2 Qf6 24. Re1 Re3 25. Ng1 Rbe8 26. Rfe2 Rxe2 27. Rxe2 Rxe2 28. Qxe2 Qe6 29. Qh5 Qg6 30. Qf3 d5 31. Qe2 Qe6 32. Qh5 Qg6 33. Qd1 dxc4 34. dxc4 Bc6 35. Nf3 Bxf3 36. Qxf3 Qd6 37. Qd3 Kf6 38. Bf3 Na6 39. Kg2 Nb4 40. Qd2 d3 41. g4 Qd4 42. Bd1 fxg4 43. hxg4 Nc2 44. Bxc2 Qe4+ 45. Kg3 dxc2 46. Qd6+ Kf7 47. Qd7+ 1/2-1/2